| 000 | 00975cab a2200217 4500 | ||
|---|---|---|---|
| 001 | ABS67402 | ||
| 008 | 040205n2004 000 0 eng u | ||
| 035 | _a(Sirsi) u125058 | ||
| 100 | _aCottam, G. | ||
| 245 | _aTarget cost contracts are no guarantee when partnering | ||
| 260 | _c2004 | ||
| 490 |
_aConstruction News _v (6849) 15 January 2004, 16(1) |
||
| 520 | _aLooks at how client and contractor should be sure they choose the best option for a project, when there is an expanding range of contracts inspired by the chemical industry. Highlights how the IChemE forms of contract have become popular in areas of construction, as they concentrate on testing. A target cost version is of limited value to the concept of partnering. | ||
| 590 | _aABS | ||
| 650 | _aICHEME FORM OF CONTRACT | ||
| 650 | _aBUILT ENVIRONMENT-BUILDING CONTRACT FORMS | ||
| 650 | _aTARGET COST CONTRACTS | ||
| 650 | _aBUILDING CONTRACTORS | ||
| 690 |
_aProcurement _96260 |
||
| 942 | _n0 | ||
| 999 |
_c74128 _d74128 |
||